Score 0/40 Timer 06:00
0 Plays Today
% Correct
relax
95.9%
solar
94.6%
false
94.2%
solid
93.6%
laugh
92.8%
relay
92.7%
solve
91.5%
tiger
91.4%
dozen
91.3%
dough
89.3%
lasso
88.4%
Dopey
88.2%
timid
88%
layer
87.7%
tipsy
87.5%
Laura
86.3%
fable
84.4%
Tibet
83.4%
fault
80.7%
Dodge
80.5%
% Correct
fauna
78.2%
Dover
77.7%
ready
76.5%
Donna
70.7%
dowry
70.3%
donor
64%
facet
59.9%
Dobby
59.7%
rebar
57.1%
lance
56.6%
dogma
56.3%
Minsk
49.7%
mirth
49.5%
mitre
45%
Micah
40.4%
Titus
34.6%
minus
31.1%
Solon
16.6%
Solti
13.6%
rebus
8.1%
Remove Ads.
Support Sporcle.
Get the best of Sporcle when you Go Orange. This ad-free experience offers more features, more stats, and more fun while also helping to support Sporcle. Thank you for becoming a member.

You're not logged in!

Compare scores with friends on all Sporcle quizzes.
OR
Log In

Show Comments

Extras

Top Quizzes Today


Score Distribution

Your Account Isn't Verified!

In order to create a playlist on Sporcle, you need to verify the email address you used during registration. Go to your Sporcle Settings to finish the process.

Report this User

Report this user for behavior that violates our Community Guidelines.

Details: